Electromagnétisme : (Record no. 22311)

000 -LEADER
fixed length control field 00438nam a2200157 a 4500
020 ## - INTERNATIONAL STANDARD BOOK NUMBER
ISBN 2940154396
040 ## - CATALOGING SOURCE
Transcribing agency DLC
082 00 - DEWEY DECIMAL CLASSIFICATION NUMBER
Classification number 537 BER 1984 C260 Or.
100 1# - MAIN ENTRY--AUTHOR NAME
Personal name Boridy, Elie.
245 10 - TITLE STATEMENT
Title Electromagnétisme :
Remainder of title Electromagnetisme4 /
260 ## - PUBLICATION, DISTRIBUTION, ETC. (IMPRINT)
Place of publication [Québec] :
Name of publisher Presses de l'Université du Québec,
Year of publication [1985]
300 ## - PHYSICAL DESCRIPTION
Number of Pages xxiv, 831 p. :
Other physical details ill. ;
Dimensions 24 cm.
500 ## - GENERAL NOTE
General note Includes index.
650 #0 - SUBJECT ADDED ENTRY--TOPICAL TERM
Topical Term Electromagnetism.
942 ## - ADDED ENTRY ELEMENTS (KOHA)
Koha item type ADB
952 ## - LOCATION AND ITEM INFORMATION (KOHA)
Withdrawn status [LOCAL, KOHA] 0
952 ## - LOCATION AND ITEM INFORMATION (KOHA)
Withdrawn status [LOCAL, KOHA] 0
952 ## - LOCATION AND ITEM INFORMATION (KOHA)
Withdrawn status [LOCAL, KOHA] 0
952 ## - LOCATION AND ITEM INFORMATION (KOHA)
Withdrawn status [LOCAL, KOHA] 0
Holdings
Permanent Location Date acquired Koha item type Lost status Shelving location Barcode Current Location Full call number
Library Block C2023-12-04ADB C260A13023Library Block C537 BER 1984 C260 Or.
Library Block C2023-12-04ADB C260A12262Library Block C537 BER 1984 C260 Or.
Library Block C2023-12-04ADB C260A10067Library Block C537 BER 1984 C260 Or.
Library Block C2023-12-04ADB C260A09669Library Block C537 BER 1984 C260 Or.
មជ្ឈមណ្ឌលឯការនៃសាកលវិទ្យាល័យភូមិន្ទកសិកម្មចំការដូង

Powered by Koha